A Szovjet Hadsereg francia szemmel (Lorquin francia katonai írónak a L'Armée Francaise 1947. évi 15. és 16 számában megjelent tanulmányának ismertetése

Elmentve itt :
Bibliográfiai részletek
Dokumentumtípus: Cikk
Megjelent: 1948
Sorozat:Honvéd : katonai folyóirat 3 No. 2-3
Kulcsszavak:Lorquin, Hadtudomány
Online Access:http://misc.bibl.u-szeged.hu/14308
LEADER 00656nab a2200157 i 4500
001 misc14308
005 20191106141752.0
008 170607s1948 hu o 0|| hun d
040 |a SZTE Miscellanea Repozitórium  |b hun 
041 |a hun 
245 0 2 |a A Szovjet Hadsereg francia szemmel   |h [elektronikus dokumentum] :  |b (Lorquin francia katonai írónak a L'Armée Francaise 1947. évi 15. és 16 számában megjelent tanulmányának ismertetése 
260 |c 1948 
300 |a 109-113 
490 0 |a Honvéd : katonai folyóirat  |v 3 No. 2-3 
695 |a Lorquin, Hadtudomány 
856 4 0 |u http://misc.bibl.u-szeged.hu/14308/1/honved_003_002_003_109-113.pdf  |z Dokumentum-elérés